书目信息 |
| 题名: |
接下来会发生什么
|
|
| 作者: | 阿特伍德 著 ;赖小婵 , 张剑锋 译 | |
| 分册: | ||
| 出版信息: | 上海 上海译文出版社有限公司 2024.06 |
|
| 页数: | 428页 | |
| 开本: | 21cm | |
| 丛书名: | ||
| 单 册: | ||
| 中图分类: | I711.65 | |
| 科图分类: | ||
| 主题词: | 散文集--加拿大--现代 | |
| 电子资源: | ||
| ISBN: | 978-7-5327-9511-6 | |
| 000 | 00983nam0 2200265 450 | |
| 001 | 013080708 | |
| 005 | 20251022145201.04 | |
| 010 | @a978-7-5327-9511-6@b精装@dCNY98.00 | |
| 100 | @a20240817d2024 em y0chiy0120 ea | |
| 101 | 1 | @achi@ceng |
| 102 | @aCN@b310000 | |
| 105 | @ay z 000cy | |
| 106 | @ar | |
| 200 | 1 | @a接下来会发生什么@9jie xia lai hui fa sheng shen me@e阿特伍德随笔集2004-2021@dBurning questions@eessays and occasional pieces 2004-2021@f(加)玛格丽特·阿特伍德著@g赖小婵,张剑锋译@zeng |
| 210 | @a上海@c上海译文出版社有限公司@d2024.06 | |
| 215 | @a428页@d21cm | |
| 300 | @a世纪出版 | |
| 510 | 1 | @aBurning questions@eessays and occasional pieces 2004-2021@zeng |
| 606 | 0 | @a散文集@y加拿大@z现代 |
| 690 | @aI711.65@v5 | |
| 701 | 0 | @c(加)@a阿特伍德@9a te wu de@c(女,Atwood, Margaret@f1939-)@4著 |
| 702 | 0 | @a赖小婵@9lai xiao chan@4译 |
| 702 | 0 | @a张剑锋@9zhang jian feng@4译 |
| 801 | 0 | @aCN@c20250911 |
| 905 | @a河南城建学院图书馆@dI711.65@eA197@ZA197@f1 | |
| 接下来会发生什么:阿特伍德随笔集2004-2021=Burning questions:essays and occasional pieces 2004-2021/(加)玛格丽特·阿特伍德著/赖小婵,张剑锋译.-上海:上海译文出版社有限公司,2024.06 |
| 428页;21cm |
| 世纪出版 |
| ISBN 978-7-5327-9511-6(精装):CNY98.00 |
| ● |
| 相关链接 |
|
|
|
正题名:接下来会发生什么
索取号:I711.65/A197
 
预约/预借
| 序号 | 登录号 | 条形码 | 馆藏地/架位号 | 状态 | 备注 |
| 1 | 1635820 | 216358206 | 文学库116/116文学库 25排2列5层/ [索取号:I711.65/A197] | 在馆 |